Claude Monet, 1840-1926

Gardado en:
Detalles Bibliográficos
Autor Principal: Heinrich, Christoph (Author)
Formato: Libro
Idioma:Lingua castelá
Publicado: Colonia Taschen 2007
Subjects:
Tags: Engadir etiqueta
Sen Etiquetas, Sexa o primeiro en etiquetar este rexistro!

MARC

LEADER 00000nam a2200000 a 4500
001 UCG7096
003 CL-VaPUC
008 110617e20070000GW |||||||||||||||||spa|d
020 |a 9783822861981 
082 0 4 |a 750  |b HEI  |2 21 
100 |a Heinrich, Christoph  |e author  |9 568583 
245 1 0 |a Claude Monet, 1840-1926 
300 |a 96 p 
942 |c BK 
945 |d 20110617 00:00:00  |a dcastane 
260 |a Colonia  |b Taschen  |c 2007 
600 0 |a Monet, Claude,  |d 1840-1926  |9 474494 
650 0 |a Pintura  |9 265046 
650 0 |a Pintura francesa  |9 266122 
650 0 |a Pintores franceses   |9 340354 
650 7 |a IMPRESIONISMO  |2 CL-VaPUC  |9 324638 
583 |a last modification  |c 20110617 00:00:00  |k Rodrigo Vera 
999 |c 345161  |d 345159 
952 |0 0  |1 0  |4 0  |6 750_000000000000000_HEI_2007  |7 0  |8 C  |9 443630  |a BIBCUR  |b BIBCUR  |d 2019-11-22  |i 4784960  |l 6  |m 1  |o 750 HEI 2007  |p 4784960  |r 2025-04-22  |s 2024-10-02  |w 2019-11-22  |y BK  |k CAC